|
|
|
|
| LEADER |
00000naa2a2200000 4500 |
| 001 |
532658 |
| 005 |
20231101112940.0 |
| 035 |
|
|
|a (RuTPU)RU\TPU\prd\219856
|
| 035 |
|
|
|a RU\TPU\prd\219855
|
| 090 |
|
|
|a 532658
|
| 100 |
|
|
|a 20140615a2010 k y0rusy50 ca
|
| 101 |
0 |
|
|a rus
|
| 102 |
|
|
|a RU
|
| 200 |
1 |
|
|a Импульсный электрический пробой смесевых энергетических конденсированных систем
|f Д. Н. Садовничий, Ю. М. Милёхин, С. А. Лопаткин [и др.]
|
| 320 |
|
|
|a Библиогр.: с. 114-115 (26 назв.)
|
| 330 |
|
|
|a Экспериментально исследованы особенности импульсного, с длительностью фронта 0.2 мкс, электрического пробоя смесевых энергетических композиций, в которых полимерное связующее способно к самостоятельному горению. Показано, что электрический пробой образцов толщиной 2÷4 мм не приводит к воспламенению всего образца, однако способен вызывать его сильное разрушение. Обсуждаются особенности влияния дисперсных наполнителей на электрическую прочность и особенности разрушения энергетических конденсированных систем в сравнении с негорючими полимерными композициями.
|
| 461 |
|
0 |
|0 (RuTPU)RU\TPU\prd\402
|t Физика горения и взрыва
|f Российская академия наук (РАН), Сибирское отделение (СО), Институт гидродинамики им. М. А. Лаврентьева (ИГиЛ)
|d 1965-
|
| 463 |
|
0 |
|0 (RuTPU)RU\TPU\prd\96310
|t Т. 46, № 4
|v С. 107-115
|d 2010
|
| 610 |
1 |
|
|a труды учёных ТПУ
|
| 701 |
|
1 |
|a Садовничий
|b Д. Н.
|
| 701 |
|
1 |
|a Милёхин
|b Ю. М.
|
| 701 |
|
1 |
|a Лопаткин
|b С. А.
|c электрофизик
|c кандидат технических наук, доцент Томского политехнического университета
|f 1960-
|g Сергей Анатольевич
|2 stltpush
|3 (RuTPU)RU\TPU\pers\32312
|
| 701 |
|
1 |
|a Важов
|b В. Ф.
|c специалист в области энергетики
|c доцент Томского политехнического университета, кандидат технических наук
|f 1939-
|g Владислав Фёдорович
|2 stltpush
|3 (RuTPU)RU\TPU\pers\26506
|
| 701 |
|
1 |
|a Гусев
|b С. А.
|
| 701 |
|
1 |
|a Бутенко
|b Е. А.
|
| 801 |
|
1 |
|a RU
|b 63413507
|c 20121114
|
| 801 |
|
2 |
|a RU
|b 63413507
|c 20210527
|g RCR
|
| 942 |
|
|
|c BK
|